Edinburgh A-Z - Statistics

General Stats
  • This quiz has been taken 143 times
  • The average score is 14 of 26
Answer Stats
Hint Answer % Correct
B Inventor of the telephone, born in Edinburgh Alexander Graham Bell
87%
A Extinct volcano, highest point in the city Arthur's Seat
87%
D First cloned mammal, cloned by the University of Edinburgh Dolly the Sheep
85%
U National animal of Scotland whose depictions can be seen around the city Unicorn
81%
C First Bond actor, born in Edinburgh Sir {Sean Connery}
79%
O Oldest part of Edinburgh, with much of the medieval road plan and Reformation era buildings remaining Old town
78%
H Official residence of the British monarch in Scotland, with a famous abbey Palace of {Holyroodhouse}
78%
L Scottish region where the city lies Lothian
74%
R Term for the streets running between Edinburgh Castle and the palace Royal mile
74%
W Main train station Waverley
66%
N One of Edinburgh's universities, named after the mathematician who publicised logarithms Napier
65%
V What Edinburgh castle sits upon Volcano
61%
Z Attraction established in 1913, receiving over 600,000 visitors a year Zoo
61%
G Graveyard established in the 16th century with at least 100,000 buried there Greyfriars Kirkyard
59%
P Type of animal that Major General Sir Nils Olav III, living in Edinburgh Zoo, is Penguin
57%
Q Title that Mary Stuart is often given Queen of Scots
53%
J Famous department store from 1838 to 2020 with a category A listed building Jenners
50%
T Edinburgh has more of these plants per-capita than any other city in the UK Trees
47%
X Famous event taking place at Princes Street Gardens during the winter season Xmas Market
44%
S Stone used in the coronations of Scottish and British monarchs for centuries, kept in Edinburgh Castle until 2024 Stone of Scone/Destiny
40%
E Term for a person from Edinburgh Edinburgher
39%
F This city had the first of this municipal service, founded in 1824 Fire Brigade
39%
M Oldest building in Edinburgh, located at Edinburgh Castle St {Margaret's Chapel}
10%
K Anatomist known for paying to receive the bodies of murder victims Robert Knox
9%
I Former international rugby player and president of the Scottish Rugby Union, born in Edinburgh Andy Irvine
6%
Y First female president of the Royal Society of Chemistry, working at Edinburgh University Lesley Yellowlees
0%
No matching quizzes found
Score Distribution
Percent of People with Each Score
Percentile by Number Answered
Your Score History
You have not taken this quiz